Cambio y orden mundial /

Sábháilte in:
Sonraí bibleagrafaíochta
Príomhchruthaitheoir: Morales Gamboa, Abelardo
Formáid: Anaithnid
Foilsithe / Cruthaithe: San José: FLACSO. Programa Costa Rica
Ábhair:
Clibeanna: Cuir clib leis
Níl clibeanna ann, Bí ar an gcéad duine le clib a chur leis an taifead seo!

MARC

LEADER 00000 a2200000 04500
001 11740
003
008 991231s d
040
090 |a 140702  
100 |a Morales Gamboa, Abelardo  
245 |a Cambio y orden mundial /  |c Abelardo Morales Gamboa 
260 |a San José:   |b FLACSO. Programa Costa Rica  
300 |a 151 p  
650 |a RELACIONES INTERNACIONALES  
650 |a IMPERIALISMO  
650 |a DEPENDENCIA ECONOMICA  
650 |a ANALISIS ECONOMICO  
999 |c 13511  |d 13511